<?xml version="1.0" encoding="UTF-8"?>
<record
    xmlns:xsi="http://www.w3.org/2001/XMLSchema-instance"
    xsi:schemaLocation="http://www.loc.gov/MARC21/slim http://www.loc.gov/standards/marcxml/schema/MARC21slim.xsd"
    xmlns="http://www.loc.gov/MARC21/slim">

  <leader>01259nam a22003017a 4500</leader>
  <controlfield tag="001">BRCA_9187</controlfield>
  <controlfield tag="003">FranzMayer</controlfield>
  <controlfield tag="005">20220809132444.0</controlfield>
  <controlfield tag="008">220705b        |||||||| |||| 00| 0 spa d</controlfield>
  <datafield tag="020" ind1=" " ind2=" ">
    <subfield code="a">9788496763906</subfield>
  </datafield>
  <datafield tag="040" ind1=" " ind2=" ">
    <subfield code="b">spa</subfield>
    <subfield code="c">MFM</subfield>
  </datafield>
  <datafield tag="041" ind1=" " ind2=" ">
    <subfield code="a">spa</subfield>
  </datafield>
  <datafield tag="050" ind1=" " ind2=" ">
    <subfield code="a">N5077.B5</subfield>
    <subfield code="b">Z95 2019</subfield>
  </datafield>
  <datafield tag="245" ind1=" " ind2=" ">
    <subfield code="a">Zuloaga : </subfield>
    <subfield code="b">1870-1945</subfield>
  </datafield>
  <datafield tag="260" ind1=" " ind2=" ">
    <subfield code="a">Bilbao, Espa&#xF1;a</subfield>
    <subfield code="b">Bilboko Arte Ederren Museoa-Museo de Bellas Artes de Bilbao</subfield>
    <subfield code="c">2019</subfield>
  </datafield>
  <datafield tag="300" ind1=" " ind2=" ">
    <subfield code="a">322 p. :</subfield>
    <subfield code="b">il. y fot. ;</subfield>
    <subfield code="c">23.5 x 30.5</subfield>
  </datafield>
  <datafield tag="500" ind1=" " ind2=" ">
    <subfield code="a">Ubicaci&#xF3;n: L59-N5</subfield>
  </datafield>
  <datafield tag="500" ind1=" " ind2=" ">
    <subfield code="a">Incluye im&#xE1;genes de la Colecci&#xF3;n Franz Mayer (p. 179 y 217)</subfield>
  </datafield>
  <datafield tag="504" ind1=" " ind2=" ">
    <subfield code="a">Sumario: p.13</subfield>
  </datafield>
  <datafield tag="505" ind1="2" ind2=" ">
    <subfield code="t">Zuloaga antes de Zuloaga (1870-1898) / </subfield>
    <subfield code="r">Mikel Lertxundi Galiana</subfield>
  </datafield>
  <datafield tag="505" ind1="2" ind2=" ">
    <subfield code="t">Zuloaga (1898-1924) / </subfield>
    <subfield code="r">Mikel Lertxundi Galiana y Javier Novo Gonz&#xE1;lez</subfield>
  </datafield>
  <datafield tag="505" ind1="2" ind2=" ">
    <subfield code="t">Zuloaga despu&#xE9;s de Zuloaga (1925-1945)</subfield>
    <subfield code="r">Javier Novo Gonz&#xE1;lez</subfield>
  </datafield>
  <datafield tag="520" ind1=" " ind2=" ">
    <subfield code="a">Cat&#xE1;logo de la exposici&#xF3;n "Zuloaga: 1870-1945" realizada en el Museo de Bellas Artes de Bilbao (29 de mayo - 20 de octubre de 2019)</subfield>
  </datafield>
  <datafield tag="600" ind1=" " ind2=" ">
    <subfield code="a">Zuloaga, Ignacio,&#x200F; &#x200E;</subfield>
    <subfield code="d">1870-1945</subfield>
    <subfield code="v">Exposiciones</subfield>
    <subfield code="9">28417</subfield>
  </datafield>
  <datafield tag="600" ind1=" " ind2=" ">
    <subfield code="a">Zuloaga, Ignacio,&#x200F; &#x200E;</subfield>
    <subfield code="d">1870-1945</subfield>
    <subfield code="v">Cat&#xE1;logo</subfield>
    <subfield code="9">28418</subfield>
  </datafield>
  <datafield tag="942" ind1=" " ind2=" ">
    <subfield code="2">lcc</subfield>
    <subfield code="c">B</subfield>
  </datafield>
  <datafield tag="999" ind1=" " ind2=" ">
    <subfield code="c">10806</subfield>
    <subfield code="d">10806</subfield>
  </datafield>
  <datafield tag="952" ind1=" " ind2=" ">
    <subfield code="0">0</subfield>
    <subfield code="1">0</subfield>
    <subfield code="2">lcc</subfield>
    <subfield code="4">0</subfield>
    <subfield code="7">0</subfield>
    <subfield code="a">BRCA</subfield>
    <subfield code="b">BRCA</subfield>
    <subfield code="d">2022-07-05</subfield>
    <subfield code="o">N5077.B5 Z95 2019</subfield>
    <subfield code="p">CONT9960</subfield>
    <subfield code="r">2022-07-05 00:00:00</subfield>
    <subfield code="w">2022-07-05</subfield>
    <subfield code="y">B</subfield>
  </datafield>
</record>
